Culture Générale - Série 2233 - Statistiques

Statistiques générales
  • Ce quiz a été pris 130 fois
  • Le résultat moyen est 4 sur 10
Statistiques - réponses
Question Réponse % Correct
Quelle commune des Pyrénées-Atlantiques est célèbre pour son piment ? Espelette
95%
Quelle était la nationalité du fondateur du mouvement de la Croix-Rouge internationale ? suisse
81%
Dans la série télévisée pour enfants "Le manège enchanté", diffusée de 1963 à 1990, comment s'appelait le personnaage monté sur ressort ? Zébulon
56%
De 1959 à 1977, quelle chanteuse était associée au groupe The Supremes ? prénom et nom Diana Ross
38%
Spécialité culinaire de cuisine traditionnelle emblématique des cuisines basque et gasconne, généralement servie avec des œufs, des viandes, ou du poisson piperade
31%
Quel chanteur français, d'origne espagnole (1932-2015), a connu le succcès en 1962 avec "Ballade à Sylvie" et "Pour une amourette" ? prénom et nom Leny Escudero
21%
Comment appelle-t-on la race de poneys vivant principalement à l'ouest du Pays basque, dans les Pyrénées ? voir photo pottok
17%
Sous quel nom connait-on mieux le poisson appelé pibale ? civelle
8%
Comment s'appelle l'île inhabitée de la baie de Saint-Malo, qui fut l'objet de bombardements intensifs des alliés sur les positions allemandes, lors de la seconde guerre mondiale ? Cézembre
3%
Dans la série télévisée pour enfants "Bonne nuit les petits, diffusée de 1962 à 1973, comment s'appelait le marchand de sable ? Ulysse
2%
Aucun quiz correspondant
Distribution des résultats
% des personnes avec chaque résultat
Percentile par nombre de réponses
Votre historique - résultats
Vous n’avez pas pris ce quiz